The Great Indian Dream (Record no. 305804)

MARC details
000 -LEADER
fixed length control field 00452nam a2200157Ia 4500
008 - FIXED-LENGTH DATA ELEMENTS--GENERAL INFORMATION
fixed length control field 230718s9999 xx 000 0 und d
041 ## - LANGUAGE CODE
Language code of text/sound track or separate title eng
082 ## - DEWEY DECIMAL CLASSIFICATION NUMBER
Classification number 158.63'954
Item number CHA
100 ## - MAIN ENTRY--PERSONAL NAME
Personal name Chaudhari M.
9 (RLIN) 188048
245 ## - TITLE STATEMENT
Title The Great Indian Dream
Remainder of title Restoring Pride To A Nation Betryaed
260 ## - PUBLICATION, DISTRIBUTION, ETC. (IMPRINT)
Date of publication, distribution, etc. 2003
Name of publisher, distributor, etc. Macmillan
300 ## - PHYSICAL DESCRIPTION
Extent 251
365 ## - TRADE PRICE
Currency code Rs.
Price amount 295.00
700 ## - ADDED ENTRY--PERSONAL NAME
Personal name Chaudhari M.& Chaudhari A.
9 (RLIN) 188049
906 ## - LOCAL DATA ELEMENT F, LDF (RLIN)
d B:161203-Sep-2003
c GENRL
b 59
Holdings
Withdrawn status Lost status Damaged status Not for loan Home library Current library Date acquired Vendor Budget Code Cost, normal purchase price Bill number Total Checkouts Full call number Barcode Date last seen Discount Cost, replacement price Bill Date Koha item type Original Barcode
        Cummins College of Engineering for Women Pune Cummins College of Engineering for Women Pune 12/09/2003 Technical Book Services GENRL 236.00 1612   158.63'954 CCEP-BK-17011 18/07/2023 59 295.00 03/09/2003 Books 017011